00420nam a2200157Ia 45000010006000000050017000060080041000230410008000640820016000721000030000882450091001182600009002093000028002186500008002466540008002542451520260414151048.0260414t2025||||xx |||||||||||||| ||spa|| aESP a345.71bT74 aTorres Altez, Dante,eAUT 0aLa tutela ejecutiva en el proceso civil :bstudios sobre su efectividad y ejecución c2025 a381 páginas :c25 cm. aDER aCDE